Soundings in Time : (Record no. 597488)

MARC details
000 -LEADER
fixed length control field 00478nam a2200193 a 4500
008 - FIXED-LENGTH DATA ELEMENTS--GENERAL INFORMATION
fixed length control field 251113s1998##################000#0#eng##
020 ## - INTERNATIONAL STANDARD BOOK NUMBER
ISBN 9781873410745
082 04 - DEWEY DECIMAL CLASSIFICATION NUMBER
Classification number 895.635STA
100 1# - MAIN ENTRY--AUTHOR NAME
Personal name Starrs, Roy,
245 10 - TITLE STATEMENT
Title Soundings in Time :
260 ## - PUBLICATION, DISTRIBUTION, ETC. (IMPRINT)
Name of publisher Psychology Press,
Year of publication 1998.
300 ## - PHYSICAL DESCRIPTION
Number of Pages 264 pages
650 #0 - SUBJECT ADDED ENTRY--TOPICAL TERM
Topical Term Art.
942 ## - ADDED ENTRY ELEMENTS (KOHA)
Koha item type English Books
Holdings
Withdrawn status Lost status Damaged status Not for loan Home library Current library Date acquired Full call number Accession Number Price effective from Koha item type
        Anna Centenary Library Anna Centenary Library 14.11.2025 895.635STA 121674 14.11.2025 English Books

Find us on the map